| 000 | 00751nam a22001577a 4500 | ||
|---|---|---|---|
| 005 | 20260512121418.0 | ||
| 008 | 260512b |||||||| |||| 00| 0 eng d | ||
| 050 |
_aTHE LC 225.8 .K4 J46 _bC.1 |
||
| 100 | _aJeptoo, Elizabeth | ||
| 245 | _aEffectiveness of Parental Involvement in Achievement of Core Competencies Among Learners in Public Primary Schools in Nandi County, Kenya | ||
| 260 |
_aKisii _bKisii University _c2025 |
||
| 300 | _axviii, 281p.:ill. | ||
| 500 | _aIncludes bibliographical references | ||
| 650 | _a1. Parental involvement in education - Kenya - Nandi County. 2. Competency-based education - Kenya - Nandi County. 3. Education, Primary - Kenya - Nandi County. 4. Academic Achievement - Kenya - Nandi County. | ||
| 942 |
_2lcc _cREF |
||
| 999 |
_c217114 _d217114 |
||